| 000 | 00423pab a2200169 454500 | ||
|---|---|---|---|
| 008 | 180718b2002 xxu||||| |||| 00| 0 eng d | ||
| 100 | _aKatakey, Nandini | ||
| 245 | _aHousing pattern of urban Jorhat | ||
| 260 | _c2002 | ||
| 300 | _ap.88-97. | ||
| 362 | _aJun | ||
| 650 | _aHousing - India - Assam | ||
| 650 | _aHousing | ||
| 700 | _aSharma, Archana | ||
| 773 | _aIndian Journal of Regional Science | ||
| 909 | _a52435 | ||
| 999 |
_c52435 _d52435 |
||